000
00195 a2200097 4500
001
26204
100
_a
Holloway D
245
_a
Telegraph year 2
260
_a
_b
Hodder
_c
090
_c
17682
_d
17682
942
_a
NUST-CAE
_c
M
_c
8538
999
_c
261277
_d
261277